000 00793cam a2200229 i 4500
001 19424025
005 20241105122626.0
008 161102s2016 enkk 001 0 eng d
020 _a9789381082522 (hardback)
050 0 0 _aKD1629 / KF889.3
_b.C47 2016 / .C46 2016
100 1 _aChristou, Richard,
_eauthor.
245 1 0 _aDrafting commercial agreements /
_cRichard Christou, solicitor (M.A. Cantab.).
250 _aFifth edition.
260 _aLondon
_bSweet & Maxwell
_cc2016
300 _alxviii, 915 pages :
_bindex, forms
_c24 cm
500 _aIncludes index.
650 0 _aContracts
_zGreat Britain.
650 0 _aContracts
_zEuropean Union countries.
650 0 _aCommercial law
_zGreat Britain.
650 0 _aCommercial law
_zEuropean Union countries.
942 _2lcc
_cBK
_e5th ed.
_n0
999 _c630
_d630